| 000 | 00522nam a2200205Ia 4500 | ||
|---|---|---|---|
| 005 | 20140405074740.0 | ||
| 008 | 140130s9999 xx 000 0 und d | ||
| 020 | _a0590508334 | ||
| 050 |
_aPZ 7 _b.R382 1996 |
||
| 100 |
_aRelf, Patricia _931067 |
||
| 245 |
_cPatricia Relf _aWet All over / |
||
| 260 |
_bScholastic, _c1996. _aU.S.A : |
||
| 300 |
_a28 p. : _bcol. ill. ; _c23 cm. |
||
| 440 |
_v1 _aMagic school Bus _931068 |
||
| 521 | _aG2 | ||
| 526 | _c350 | ||
| 942 |
_cBK _2lcc |
||
| 999 |
_c40181 _d40181 |
||